00378 a2200097 4500001001000000005001700010008004100027245012200068100002000190773007000210ART_5669920260410162029.0260409a 10aPreparando la vía ejecutiva para un título digital con una firma que es firma, pero no es “firma” (¿o sí?)1 aRossi, Jorge O.0 tTemas de derecho procesalg- Año 6, N° 8 (ago. 2022)wREV44095